Les aspirants au titre AEW continental - Statistiques

Statistiques générales
  • Ce quiz a été pris 7 fois
    5 depuis la dernière actualisation
  • Le résultat moyen est 8 sur 16
Statistiques - réponses
Event Champion Catcheur % Correct
Worlds end 2023 Vacant Eddie Kingston
100%
Dynamite 233 Eddie Kingston Kazuchika Okada
100%
All Out 2024 Kazuchika Okada Konosuke Takeshita
100%
Worlds end 2023 Vacant Jon Moxley
80%
Dynasty Kazuchika Okada PAC
80%
Dynamite 257 Kazuchika Okada Kyle Fletcher
60%
All Out 2024 Kazuchika Okada Orange Cassidy
60%
Revolution 2024 Eddie Kingston Bryan Danielson
40%
Dynamite 261 Kazuchika Okada Bryan Danielson
40%
All Out 2024 Kazuchika Okada Mark Briscoe
40%
Rampage 127 Eddie Kingston Wheeler Yuta
40%
Dynamite 255 Kazuchika Okada Claudio Castagnoli
20%
Battle of the belts XII Kazuchika Okada Kyle O'reilly
20%
Collision 29 Eddie Kingston Trent Beretta
20%
Dynamite 241 Kazuchika Okada Dax Harwood
0%
NJPW Battle in the valley Eddie Kingston Gabe Kidd
0%
Aucun quiz correspondant
Distribution des résultats
% des personnes avec chaque résultat
Percentile par nombre de réponses
Votre historique - résultats
Vous n’avez pas pris ce quiz depuis la dernière actualisation